<?xml version="1.0" encoding="UTF-8"?><?xml-stylesheet type="text/xsl" href="static/style.xsl"?><OAI-PMH xmlns="http://www.openarchives.org/OAI/2.0/" xmlns:xsi="http://www.w3.org/2001/XMLSchema-instance" xsi:schemaLocation="http://www.openarchives.org/OAI/2.0/ http://www.openarchives.org/OAI/2.0/OAI-PMH.xsd"><responseDate>2026-04-17T22:49:24Z</responseDate><request verb="GetRecord" identifier="oai:www.recercat.cat:11351/9054" metadataPrefix="marc">https://recercat.cat/oai/request</request><GetRecord><record><header><identifier>oai:recercat.cat:11351/9054</identifier><datestamp>2025-10-24T10:59:10Z</datestamp><setSpec>com_2072_451665</setSpec><setSpec>com_2072_378040</setSpec><setSpec>col_2072_451666</setSpec></header><metadata><record xmlns="http://www.loc.gov/MARC21/slim" xmlns:dcterms="http://purl.org/dc/terms/" xmlns:xsi="http://www.w3.org/2001/XMLSchema-instance" xmlns:doc="http://www.lyncode.com/xoai" xsi:schemaLocation="http://www.loc.gov/MARC21/slim http://www.loc.gov/standards/marcxml/schema/MARC21slim.xsd">
   <leader>00925njm 22002777a 4500</leader>
   <datafield ind2=" " ind1=" " tag="042">
      <subfield code="a">dc</subfield>
   </datafield>
   <datafield ind2=" " ind1=" " tag="720">
      <subfield code="a">Genua, Idoia</subfield>
      <subfield code="e">author</subfield>
   </datafield>
   <datafield ind2=" " ind1=" " tag="720">
      <subfield code="a">Navas, Elena</subfield>
      <subfield code="e">author</subfield>
   </datafield>
   <datafield ind2=" " ind1=" " tag="720">
      <subfield code="a">Mauricio-Puente, Dídac</subfield>
      <subfield code="e">author</subfield>
   </datafield>
   <datafield ind2=" " ind1=" " tag="720">
      <subfield code="a">Goday Arno, Albert Albert</subfield>
      <subfield code="e">author</subfield>
   </datafield>
   <datafield ind2=" " ind1=" " tag="720">
      <subfield code="a">Franch-Nadal, Josep</subfield>
      <subfield code="e">author</subfield>
   </datafield>
   <datafield ind2=" " ind1=" " tag="720">
      <subfield code="a">Mata-Cases, Manel</subfield>
      <subfield code="e">author</subfield>
   </datafield>
   <datafield ind2=" " ind1=" " tag="720">
      <subfield code="a">Gimenez-Perez, Gabriel</subfield>
      <subfield code="e">author</subfield>
   </datafield>
   <datafield ind2=" " ind1=" " tag="720">
      <subfield code="a">Vlacho, Bogdan</subfield>
      <subfield code="e">author</subfield>
   </datafield>
   <datafield ind2=" " ind1=" " tag="260">
      <subfield code="c">2023-02-24T13:49:37Z</subfield>
   </datafield>
   <datafield ind2=" " ind1=" " tag="260">
      <subfield code="c">2023-02-24T13:49:37Z</subfield>
   </datafield>
   <datafield ind2=" " ind1=" " tag="260">
      <subfield code="c">2022-12-02</subfield>
   </datafield>
   <datafield ind2=" " ind1=" " tag="520">
      <subfield code="a">Obesity; Type 1 diabetes; Cardiovascular risk factors</subfield>
   </datafield>
   <datafield ind2=" " ind1=" " tag="520">
      <subfield code="a">Obesidad; Diabetes tipo 1; Factores de riesgo cardiovascular</subfield>
   </datafield>
   <datafield ind2=" " ind1=" " tag="520">
      <subfield code="a">Obesitat; Diabetis tipus 1; Factors de risc cardiovascular</subfield>
   </datafield>
   <datafield ind2=" " ind1=" " tag="520">
      <subfield code="a">Introduction: Obesity, an increasing global health problem, can affect people with other disease conditions. The prevalence of obesity in people with type 1 diabetes (T1D) is not well known. The aim of this study was to describe extensively the characteristics and prevalence of different classes of obesity according to BMI (body mass index) categories in a large cohort of patients with T1D.&#xd;
Material and methods: This was a retrospective, cross-sectional study in Catalonia. We reviewed all patients with T1D diagnosis, ≥ 18 years old and with BMI data from the SIDIAP database. Sociodemographic and clinical data, cardiovascular risk factors, laboratory parameters and concomitant medications were collected.&#xd;
Results: A total of 6,068 patients with T1D were analyzed. The prevalence of obesity in the total sample was 18% (13.8% with class 1 obesity [BMI 30-34.9 kg/m2]). Patients with obesity had a higher prevalence of other cardiovascular risk factors (i.e. hypertension was 61.4% vs. 37.5%; dyslipidemia 63.6% vs 44%, and chronic kidney disease 38.4% vs. 24.4%; p&lt;0.001 in all cases) and poorer control of them. The higher prevalence was regardless of sex, age and duration of diabetes. The increase in these comorbidities was noticeable from a BMI > 25 kg/m2. Patients with obesity did not have poorer glycemic control. &#xd;
Conclusion: The presence of obesity in people with T1D is frequent and cardiovascular risk factors are more common and more poorly controlled in T1D patients with obesity.</subfield>
   </datafield>
   <datafield ind1="8" ind2=" " tag="024">
      <subfield code="a">http://hdl.handle.net/11351/9054</subfield>
   </datafield>
   <datafield tag="653" ind2=" " ind1=" ">
      <subfield code="a">Obesitat</subfield>
   </datafield>
   <datafield tag="653" ind2=" " ind1=" ">
      <subfield code="a">Diabetis</subfield>
   </datafield>
   <datafield tag="653" ind2=" " ind1=" ">
      <subfield code="a">Síndrome metabòlica</subfield>
   </datafield>
   <datafield tag="653" ind2=" " ind1=" ">
      <subfield code="a">DISEASES::Pathological Conditions, Signs and Symptoms::Signs and Symptoms::Body Weight::Overweight::Obesity</subfield>
   </datafield>
   <datafield tag="653" ind2=" " ind1=" ">
      <subfield code="a">DISEASES::Nutritional and Metabolic Diseases::Metabolic Diseases::Glucose Metabolism Disorders::Diabetes Mellitus::Diabetes Mellitus, Type 1</subfield>
   </datafield>
   <datafield tag="653" ind2=" " ind1=" ">
      <subfield code="a">DISEASES::Nutritional and Metabolic Diseases::Metabolic Diseases::Glucose Metabolism Disorders::Hyperinsulinism::Insulin Resistance::Metabolic Syndrome</subfield>
   </datafield>
   <datafield tag="653" ind2=" " ind1=" ">
      <subfield code="a">ENFERMEDADES::afecciones patológicas, signos y síntomas::signos y síntomas::peso corporal::sobrepeso::obesidad</subfield>
   </datafield>
   <datafield tag="653" ind2=" " ind1=" ">
      <subfield code="a">ENFERMEDADES::enfermedades nutricionales y metabólicas::enfermedades metabólicas::trastornos del metabolismo de la glucosa::diabetes mellitus::diabetes mellitus tipo I</subfield>
   </datafield>
   <datafield tag="653" ind2=" " ind1=" ">
      <subfield code="a">ENFERMEDADES::enfermedades nutricionales y metabólicas::enfermedades metabólicas::trastornos del metabolismo de la glucosa::hiperinsulinismo::resistencia a la insulina::síndrome metabólico</subfield>
   </datafield>
   <datafield ind2="0" ind1="0" tag="245">
      <subfield code="a">Obesity and related comorbidities in a large population-based cohort of subjects with type 1 diabetes in Catalonia</subfield>
   </datafield>
</record></metadata></record></GetRecord></OAI-PMH>